| Tag |
First Indicator |
Second Indicator |
Subfields |
| LEADER |
00000cam a2200000 i 4500 |
| 001 |
in00004134635 |
| 005 |
20211120103609.0 |
| 006 |
m o d f |
| 007 |
cr ||||||||||| |
| 008 |
191226s2019 dcu o f000 0 eng c |
| 024 |
8 |
|
|a 35-996
|q (GPO jacket number)
|
| 035 |
|
|
|a (OCoLC)on1133275583
|
| 042 |
|
|
|a pcc
|
| 043 |
|
|
|a as-----
|a n-us---
|
| 040 |
|
|
|a GPO
|b eng
|e rda
|e pn
|c GPO
|d GPO
|d OCLCF
|d GPO
|d MvI
|
| 049 |
|
|
|a WWW
|
| 050 |
|
4 |
|a KF26
|b .F6354 2015c
|
| 074 |
|
|
|a 1039-C (online)
|
| 086 |
0 |
|
|a Y 4.F 76/2:S.HRG.114-821
|
| 110 |
1 |
|
|a United States.
|b Congress.
|b Senate.
|b Committee on Foreign Relations.
|b Subcommittee on East Asia, the Pacific, and International Cybersecurity Policy,
|e author.
|
| 245 |
1 |
0 |
|a Democratic transitions in Southeast Asia :
|b hearing before the Subcommittee on East Asia, the Pacific, and International Cybersecurity Policy of the Committee on Foreign Relations, United States Senate, One Hundred Fourteenth Congress, first session, November 19, 2015.
|
| 264 |
|
1 |
|a Washington :
|b U.S. Government Publishing Office,
|c 2019.
|
| 300 |
|
|
|a 1 online resource (iii, 45 pages).
|
| 336 |
|
|
|a text
|b txt
|2 rdacontent
|
| 337 |
|
|
|a computer
|b c
|2 rdamedia
|
| 338 |
|
|
|a online resource
|b cr
|2 rdacarrier
|
| 490 |
1 |
|
|a S. hrg. ;
|v 114-821
|
| 500 |
|
|
|a Access ID (govinfo): CHRG-114shrg35996.
|
| 518 |
|
|
|a Date of hearing: 2015-11-19.
|
| 588 |
|
|
|a Description based on online resource; title from PDF title page (govinfo, viewed Dec 20, 2019).
|
| 610 |
2 |
0 |
|a ASEAN.
|
| 651 |
|
0 |
|a Southeast Asia
|x Foreign relations
|z United States.
|
| 651 |
|
0 |
|a United States
|x Foreign relations
|z Southeast Asia.
|
| 650 |
|
0 |
|a Democracy
|z Southeast Asia.
|
| 655 |
|
7 |
|a Legislative hearings.
|2 lcgft
|
| 776 |
0 |
8 |
|i Microfiche version:
|a United States. Congress. Senate. Committee on Foreign Relations. Subcommittee on East Asia, the Pacific, and International Cybersecurity Policy.
|t Democratic transitions in Southeast Asia
|w (OCoLC)1204106896
|
| 776 |
0 |
8 |
|i Print version:
|a United States. Congress. Senate. Committee on Foreign Relations. Subcommittee on East Asia, the Pacific, and International Cybersecurity Policy.
|t Democratic transitions in Southeast Asia
|w (OCoLC)1133275919
|
| 810 |
1 |
|
|a United States.
|b Congress.
|b Senate.
|t S. hrg. ;
|v 114-821.
|
| 856 |
4 |
0 |
|u https://purl.fdlp.gov/GPO/gpo130020
|t 0
|
| 999 |
f |
f |
|s 86306bf1-aabe-358d-8320-f3f10fad2561
|i e1e31275-66d3-39db-9237-2f7d5cf7f2c5
|t 0
|
| 952 |
f |
f |
|a Texas A&M University
|b College Station
|c Electronic Resources
|d Available Online
|t 0
|e Y 4.F 76/2:S.HRG.114-821
|h Superintendent of Documents classification
|
| 998 |
f |
f |
|a Y 4.F 76/2:S.HRG.114-821
|t 0
|l Available Online
|